Más allá de la exelencia y la calidad (Registro nro. 29208)
[ vista simple ]
| 000 -LÍDER | |
|---|---|
| fixed length control field | 00647nam a22002177a 4500 |
| 003 - IDENTIFICADOR DEL NÚMERO DE CONTROL | |
| control field | ITZ |
| 005 - FECHA Y HORA DE LA ULTIMA TRANSACCIÓN | |
| Campo de control | 20231122142347.0 |
| 008 - ELEMENTOS DE LONGITUD FIJA -- INFORMACIÓN GENERAL | |
| fixed length control field | 231122b |||||||| |||| 00| 0 spa d |
| 020 ## - NÚMERO INTERNACIONAL NORMALIZADO PARA LIBROS | |
| ISBN | 978-968-24-7540-5 |
| 035 ## - Número de ficha (Janium) | |
| Número de ficha (Janium) | 17599 |
| 041 ## - CÓDIGO DE IDIOMA | |
| Código de idioma para texto/pista de sonido o título separado | spa |
| 050 ## - SIGNATURA TOPOGRAFICA DE LA BIBLIOTECA DEL CONGRESO (LC) | |
| Número de Clasificación | HD62 |
| Cutter | M85 2006 |
| 082 ## - NUMERO DE CLASIFICACION DECIMAL DEWEY | |
| Número de Clasificación | 658.568 |
| Cutter | M482m 2006 |
| 100 1# - ASIENTO PRINCIPAL--NOMBRE PERSONAL | |
| Nombre personal | Münch Galindo Lourdes |
| 245 ## - TÍTULO | |
| Título | Más allá de la exelencia y la calidad |
| Mención de responsabilidad, etc. | Lourdes Münch Galindo |
| 250 ## - MENCIÓN DE EDICIÓN | |
| Mención de edición | 3°a ed. |
| 260 ## - PUBLICACIÓN, DISTRIBUCIÓN, ETC. (PIE DE IMPRENTA) | |
| Lugar de publicación, distribución, etc. | México |
| Nombre del editor, distribuidor, etc. | Trillas |
| Fecha de publicación, distribución, etc. | 2006 (reimp 2014) |
| 300 ## - DESCRIPCIÓN FÍSICA | |
| Extensión | 292 p., il. / |
| Dimensiones | 23 cm. |
| 650 ## - ASIENTO SECUNDARIO DE MATERIA - TERMINO TEMÁTICO | |
| Término temático o nombre geográfico como elemento de entrada | 1. CALIDAD TOTAL / 2. INDUSTRIA - ADMINISTRACION / 3. TRABAJO - PRODUCTIVIDAD |
| 942 ## - TIPO DE MATERIAL (KOHA) | |
| Koha item type | Libros |
| No. biblioteca | No. biblioteca | Número de clasificación | Código de barras/Número de adquisición | Número de copia | Tipo de material | Otras carreras |
|---|---|---|---|---|---|---|
| INGENIERÍA EN ADMINISTRACIÓN | LUIS G. INCLAN | 658.568 M482m 2006 | 54439 | 1 | Libros | LUIS G. INCLAN |
| INGENIERÍA EN ADMINISTRACIÓN | LUIS G. INCLAN | 658.568 M482m 2006 | 54440 | 2 | Libros | LUIS G. INCLAN |
